ロード中...
| LEADER | 00618nam a22001697a 4500 | ||
|---|---|---|---|
| 005 | 20151215125501.0 | ||
| 008 | 091221t xxu||||| |||| 00| 0 eng d | ||
| 082 | |a 658.152 205 |b CAP | ||
| 100 | |a Bahl, D. |e Editor |9 13711 | ||
| 245 | |a Capital | ||
| 700 | |a Ghosh, B.B. | ||
| 942 | |c BV |6 _ | ||
| 260 | |a Calcutta |b C.L.Seal |c 1969 | ||
| 500 | |a vol. CLXII ( NO: 4043-4055) | ||
| 999 | |c 105157 |d 105157 | ||
| 952 | |0 0 |1 0 |2 ddc |4 0 |6 658152_205CAP |7 0 |9 132594 |a SMS |b SMS |c REF |d 2009-12-21 |o 658.152 205 CAP |p SMS005315 |r 2009-12-21 |w 2009-12-21 |y BV | ||
| 952 | |0 0 |1 5 |2 ddc |4 0 |6 _ |7 0 |9 132595 |a SMS |b SMS |c GEN |d 2009-12-21 |p SMS005316 |r 2009-12-21 |w 2009-12-21 |y WR | ||